Szczegóły MARC21

Psychiczne mechanizmy zachowania się /

003 -Nazwa inst., której nr kontr. jest w polu 001 [,]
    • @
    • Nazwa instytucji, której n kontrolny jest w polu 001
    • NUKAT
005 -DATA I CZAS OSTATNIEJ MODYFIKACJI [,]
    • @
    • pole kontrolne
    • 20241231112713.0
040 -Instytucja sporządzająca opis [ , ]
    • a
    • Instytucja, która sporządziła opis (NP)
    • LUBL U/JL
    • c
    • Instytucja, która sporządziła rekord (NP)
    • LUBL U/JL
    • d
    • Instytucja, która zmodyfikowała rekord (P)
    • LUBL U/bg
    • d
    • Instytucja, która zmodyfikowała rekord (P)
    • LUBL U/ILs
    • d
    • Instytucja, która zmodyfikowała rekord (P)
    • KR U/42JCs
942 -Rodzaj dokumentu [ , ]
    • c
    • Rodzaj dokumentu
    • Książka
100 -Hasło główne - nazwa osobowa [1, ]
    • a
    • Nazwa osobowa (NP)
    • Skorny, Zbigniew
    • d
    • Daty biograficzne (NP)
    • (1926-2012).
    • 9
    • KHW
    • 14770
245 -Strefa tytułu i oznaczenia odpowiedzialności [1,0]
    • a
    • Tytuł
    • Psychiczne mechanizmy zachowania się / Find
    • c
    • Pozostałe elementy strefy tytułu i oznaczenia odpowiedzialności (NP)
    • Zbigniew Skorny.
260 -Strefa adresu wydawniczego [ , ]
    • a
    • Miejsce wydania (P)
    • Warszawa :
    • b
    • Nazwa wydawcy (P)
    • Państwowe Zakłady Wydawnictw Szkolnych,
    • c
    • Data wydania (P)
    • 1972.
300 -Strefa opisu fizycznego [ , ]
    • a
    • Określenie formy książki i/lub objętość (NP)
    • 195, [1] s. ;
    • c
    • Format (NP)
    • 21 cm.
336 -Typ zawartości [ , ]
    • a
    • Termin opisujący typ zawartości
    • Tekst
    • b
    • Kod określający zawartość
    • txt
    • 2
    • Źródło (terminu i kodu)
    • rdacontent
337 -Typ mediów [ , ]
    • a
    • Tryb odtwarzania
    • Bez urządzenia pośredniczącego
    • b
    • Kod typu mediów
    • n
    • 2
    • Źródło (terminu i kodu)
    • rdamedia
338 -Typ/rodzaj nośnika [ , ]
    • a
    • Hasło opisujące typ nośnika
    • Wolumin
    • b
    • Kod typu nośnika
    • nc
    • 2
    • Źródło (terminu i kodu)
    • rdacarrier
504 -Uwaga dot. bibliogr. załącznikowej [ , ]
    • a
    • Uwaga dot. bibliografii załącznikowej
    • Bibliogr. s. 191-[196].
080 -Uniwersalna Klasyfikacja Dziesiętna [ , ]
    • 2
    • Identyfikator wydania tablic
    • UDC-P058
    • 9
    • UKD
    • 2822
    • a
    • Symbol klasyfikacji
    • 316.6
    • b
    • Dopowiedzenie
    • Psychologia społeczna. Zachowania społeczne. Aktywność i bierność w zachowaniu społecznym. Motywacje ludzkiego zachowania. Potrzeby. Aspiracje.
650 -Hasło przedmiotowe [ ,7]
    • a
    • Hasło przedmiotowe
    • Nauki behawioralne.
    • 2
    • Źródło terminu
    • kaba
    • 9
    • KHW
    • 120791
650 -Hasło przedmiotowe [ ,7]
    • a
    • Hasło przedmiotowe
    • Zachowanie.
    • 2
    • Źródło terminu
    • kaba
    • 9
    • KHW
    • 137287
980 -Symbol UKD [ , ]
    • a
    • UKD
    • 316.6
Numer inwentarzowy Status udost. Uwagi nie widoczne w OPAC Data inwentaryzacji Lokalizacja Sygnatura
W.27173-3retrokonwersja BGW.27173
Pd.49001retrokonwersja BG 
W.27174-3  BG 
Z.115752retrokonwersja BGZ.11575